Largest American Lakes Quiz - Statistics

General Stats
  • This quiz has been taken 30 times
  • The average score is 8 of 10
Answer Stats
Area Lake % Correct
58,000 Lake Michigan
100%
25,700 Lake Erie
96%
18,960 Lake Ontario
93%
82,100 Lake Superior
93%
59,600 Lake Huron
82%
31,000 Great Bear Lake
68%
27,000 Great Slave Lake
68%
8,372 Lake Titicaca
61%
8,264 Lake Nicaragua
46%
24,514 Lake Winnipeg
43%
No matching quizzes found
Score Distribution
Percent of People with Each Score
Percentile by Number Answered
Your Score History
You have not taken this quiz